| 000 | 00508 a2200193 4500 | ||
|---|---|---|---|
| 001 | 20 | ||
| 020 | _a9788538055181 | ||
| 041 | _apor | ||
| 090 | _aYear 5 [Fic] | ||
| 100 | _aBarshaw, Ruth McNally. | ||
| 250 | _a. ed. | ||
| 300 | _a174 p. | ||
| 697 | _aContos Literatura infantojuvenil. | ||
| 856 | _u000012/00001288.jpg | ||
| 040 |
_aBR-BrIDEA _cBR-BrIDEA |
||
| 245 | 1 | 0 |
_aDiário de Aventuras da Ellie _ba verdadeira jogadora _c Ruth McNally Barshaw |
| 260 |
_a[S.l.] _bCiranda Cultural _c2014 |
||
| 942 | _cBK | ||
| 999 |
_c20 _d20 |
||